| 000 | 00968nas a2200325 4500 | ||
|---|---|---|---|
| 001 | BR2013000883 | ||
| 003 | BR-BrBNA | ||
| 005 | 20231205121849.0 | ||
| 007 | ta | ||
| 008 | 230509b bl.|||p| |||| 00| 00por d | ||
| 040 |
_aBR-BrBNA _bpor _cBiblioteca Nacional de Agricultura |
||
| 041 | _a(Pt) | ||
| 072 | _aP40; U40 | ||
| 100 | 1 | _aAndrade, R.G. | |
| 100 | 1 | _aSediyama, G.C. | |
| 100 | 1 | _aPaz, A.R. da | |
| 100 | 1 | _aLima, E. de P. | |
| 100 | 1 | _aFacco, A.G. | |
| 245 | 1 | _aGeotecnologias aplicadas à avaliação de parâmetros biofísicos do Pantanal | |
| 650 | _aBALANÇO DE ENERGIA | ||
| 650 | _aRELAÇÃO SOLO-PLANTA | ||
| 650 | _aATMOSFERA | ||
| 650 | _aUSO DA TERRA | ||
| 650 | _aCOBERTURA VEGETAL | ||
| 650 | _aBIOFÍSICA | ||
| 650 | _aPANTANAL | ||
| 773 | 0 |
_tPesquisa Agropecuária Brasileira (Brazil) _xISSN 0100-204X _g(Sep 2012), v. 47(9) p. 1227-1234 _wBR2013000883 |
|
| 909 |
_a202311 _bLúcia _c55 _dLúcia Elande |
||
| 942 |
_2AGRIS _n0 _cANA |
||
| 999 |
_c225648 _d225648 |
||